• 首页
  • 本馆介绍
  • 公告通知
  • 最新文献
  • 馆藏检索
  • 电子资源
  • 读者导购
  • 参考咨询
  • 我的图书馆
  • 登录
  • 详细信息显示
  • 放入我的书架
  • 预约/预借图书
  • 作者相关作品
  • 分类相关作品
  • 丛书相关作品
  • 出版社相关作品

书目信息

  • 表格格式
  • 工作单格式
  • 卡片格式
题名:
黎曼几何与张量解析
    
 
作者: п·К·洛恭夫斯基 著 ;俞玉森 译
分册: 上册  
出版信息: 北京   高等教育出版社  1955.06
页数: 340页
开本: 20cm
丛书名:
单 册:
中图分类: O186.12
科图分类:
主题词: 几何 , 拓扑
电子资源:
ISBN:
000 00708nam0 2200229 450
001 0661394547
005 20060818145903.68
010    @dCNY1.38
100    @a20060728d1955 km y0chiy0120 ea
101 0  @achi
102    @aCN@b110000
200 1  @a黎曼几何与张量解析@Ali man ji he yu zhang liang jie xi@h上册@fп·К·洛恭夫斯基著@Fп·К·luo gong fu si ji zhu@g俞玉森译@Gyu yu sen yi
210    @a北京@c高等教育出版社@d1955.06
215    @a340页@d20cm
300    @a高等学校教学用书
606 0  @a几何
606 0  @a拓扑
690    @aO186.12@v3
701  0 @aп·К·洛恭夫斯基@Aп·К·luo gong fu si ji@4著
702  0 @a俞玉森@Ayu yu sen@4译
801  0 @aCN@bPFT@c20060818
905    @a10447@dO186.12@e39:1
    
    黎曼几何与张量解析.上册/п·К·洛恭夫斯基著/俞玉森译.-北京:高等教育出版社,1955.06
    340页;20cm
    高等学校教学用书
    
    ISBN :CNY1.38
    
●
相关链接 在E读中查询图书 在五车中查询图书 在当当中查询图书 在豆瓣中查询图书


正题名:黎曼几何与张量解析     索取号:O186.12/39:1         预约/预借

序号 登录号 条形码 馆藏地/架位号 状态 备注
1 0442800   204428002   密集书库/ [索取号:O186.12/39:1] 在馆    
2 0468615   204686152   密集书库/ [索取号:O186.12/39:1] 在馆    
3 0468674   204686740   密集书库/ [索取号:O186.12/39:1] 在馆    
唐山师范学院图书馆 欢迎您!
大连网信软件有限公司© 版权所有